000 00393nam a2200145Ia 4500
008 240624s9999 xx 000 0 und d
041 _aeng
082 _a339.501 BUR
100 _aBURFISHER MARY E
245 _aINTRODUCTION TO COMPUTABLE GENERAL EQUIL
250 _a(2nd ed.)
260 _c2016
_aNew Delhi
_bCambridge University Press
300 _axvi, 425 p.; 23 cm.
365 _cBPS
_b30
999 _c29702
_d29702